Statistiques concernant Le Cap - Culture générale

Cliquez ici pour prendre le quiz!

Statistiques générales

  • Ce quiz a été pris 94 fois
  • Le résultat moyen est 10 sur 15

Statistiques - réponses

InformationRéponse% Correct
Nom donné au cap sud qui donne "bon espoir"Cap de {Bonne-Espérance}
98%
Président sud-africain emprisonné ici de 1964 à 1986Nelson Mandela
98%
Océan qui borde Le CapOcéan Atlantique
93%
Événement sportif qui eu lieu dans la ville en 2010Coupe du monde FIFA
89%
Une des autres capitale du paysPretoria / Bloemfontein
89%
Pays européen ayant fondé la colonie du CapPays-Bas
88%
Nom de la ville en anglaisCape Town
70%
Explorateur portugais qui passa le premier par Le CapVasco de Gama
70%
Langue locale dans laquelle la ville s'appelle KaapstadAfrikaans
66%
Archevêque anglican, prix Nobel de la paix en 1984Desmond Tutu
55%
Pic de cette montagne qui porte le nom d'un animal{Lion}'s Head
42%
Île sur laquelle cette prison se trouvait{Robben} Island
41%
Massif montagneux qui surplombe la villeMontagne de la {Table}
39%
Le Cap est la capitale ___ de l'Afrique du SudLégislative
31%
Province dont la ville est le chef-lieuCap-{Occidental}
18%

Distribution des résultats

Percentile par nombre de réponses

% des personnes avec chaque résultat

Votre développement - résultats

Vous n’avez pas pris ce quiz